| 000 | 00534nam a2200157 4500 | ||
|---|---|---|---|
| 001 | 148735 | ||
| 003 | ES-MaACL | ||
| 005 | 20230906202800.0 | ||
| 007 | t| | ||
| 008 | 070214s1913 sp r ||||1| spa d | ||
| 100 | 1 |
_aSuárez Uriarte, Publio. _9108663 |
|
| 245 | 1 | 0 |
_aEvolución del sentimiento de fraternidad _b: discurso leído en la sesión inaugural del curso 1912-1913 en el Ateneo de León / _cPublio Suárez Uriarte. |
| 260 |
_aLeón : _b[s. n.], _c1913. |
||
| 710 | 2 |
_aAteneo de León. _91871 |
|
| 852 |
_aES-MaACL _jT-1342-F-7 |
||
| 999 |
_c148735 _d148735 |
||